Multispace : architecture at dawn of the metaverse (Record no. 85773)

MARC details
000 -LEADER
fixed length control field 00822 a2200277 4500
003 - CONTROL NUMBER IDENTIFIER
control field CBULib
005 - DATE AND TIME OF LATEST TRANSACTION
control field 20250227125748.0
008 - FIXED-LENGTH DATA ELEMENTS--GENERAL INFORMATION
fixed length control field 241119b |||||||| |||| 00| 0 eng d
020 ## - INTERNATIONAL STANDARD BOOK NUMBER
International Standard Book Number 9781394163540
040 ## - CATALOGING SOURCE
Language of cataloging English
Transcribing agency CBULib
Description conventions rda
041 ## - LANGUAGE CODE
Language code of text/sound track or separate title eng
050 ## - LIBRARY OF CONGRESS CALL NUMBER
Classification number NA 2543 Mul
100 ## - MAIN ENTRY--PERSONAL NAME
Personal name Hopkins, Owen
9 (RLIN) 4052
245 ## - TITLE STATEMENT
Title Multispace : architecture at dawn of the metaverse
Statement of responsibility, etc / edited by Owen Hopkins
260 ## - PUBLICATION, DISTRIBUTION, ETC. (IMPRINT)
Name of publisher, distributor, etc Wiley,
Date of publication, distribution, etc 2022
Place of publication, distribution, etc Oxford :
300 ## - PHYSICAL DESCRIPTION
Extent 136 pages : illustrations
336 ## - CONTENT TYPE
Source rdacontent
Content type term Text |
Content type code txt
337 ## - MEDIA TYPE
Source rdamedia
Media type term Unmediated |
Media type code n
338 ## - CARRIER TYPE
Source rdacarrier
Carrier type term Volume
Carrier type code nc
650 #0 - SUBJECT ADDED ENTRY--TOPICAL TERM
9 (RLIN) 4045
Topical term or geographic name as entry element METAVERSE
650 #0 - SUBJECT ADDED ENTRY--TOPICAL TERM
9 (RLIN) 4046
Topical term or geographic name as entry element PLACE IN ARCHITECTURE
650 #0 - SUBJECT ADDED ENTRY--TOPICAL TERM
9 (RLIN) 4047
Topical term or geographic name as entry element SPACE AND TIME
700 ## - ADDED ENTRY--PERSONAL NAME
9 (RLIN) 4048
Personal name Spiller, Neil
700 ## - ADDED ENTRY--PERSONAL NAME
9 (RLIN) 4049
Personal name Ellerby, Caroline
942 ## - ADDED ENTRY ELEMENTS (KOHA)
Source of classification or shelving scheme
Koha item type MONOGRAPH
Holdings
Withdrawn status Lost status Source of classification or shelving scheme Damaged status Not for loan Collection code Permanent Location Current Location Shelving location Date acquired Source of acquisition Cost, normal purchase price Full call number Barcode Date last seen Copy number Price effective from Koha item type Total Checkouts
          CBU-Lusaka Campus CBU- LUSAKA CAMPUS CBU-MAIN LIBRARY, KITWE. General Stacks 11/19/2024 DON-BOOKAID 78.00 NA 2543 Mul 753057 11/19/2024 1 11/19/2024 MONOGRAPH  
          CBU-Lusaka Campus CBU- LUSAKA CAMPUS CBU-MAIN LIBRARY, KITWE. General Stacks 11/19/2024 DON-BOOKAID 78.00 NA 2543 Mul 753058 11/19/2024 2 11/19/2024 MONOGRAPH  
          Main Library Open Access Collection CBU-MAIN LIBRARY, KITWE. CBU-MAIN LIBRARY, KITWE. General Stacks 02/27/2025 BOOK AID INTERNATIONAL 78.00 NA 2543 Mul 753477 02/27/2025   02/27/2025 MONOGRAPH  
          Main Library Open Access Collection CBU-MAIN LIBRARY, KITWE. CBU-MAIN LIBRARY, KITWE. General Stacks 02/27/2025 BOOK AID INTERNATIONAL 78.00 NA 2543 Mul 753476 02/27/2025   02/27/2025 MONOGRAPH